000 00496nam a2200145 a 4500
008 120416s0000 ||||||||||||||||| || u
020 _a0333319923
050 _aHG 4528 Bro
100 _aBrown, Brendah
245 1 2 _aA theory of hedge investment
260 _aLondon
_bMacmillan
_c1982
300 _axiv, 216p. : ill.
350 _a0.00
995 _D0.00
_FCBU-MAIN LIBRARY (Kitwe)
_H1
_I25.00
_M1
_UAVAILABLE
_ZAnnex Low-Usage Collection
999 _c59780
_d59780